Loading...

The aithareya aranyaka:

Bibliographic Details
Main Author: Arthur Berriedale Keith
Format: Printed Book
Published: Delhi: Eastern Book Linkers, 1995.
Subjects:
LEADER 01779nam a22002891a 4500
020 |a 9788186339145 
082 |a 294.592 1  |b ART/A 
100 |a Arthur Berriedale Keith   |9 77419 
245 |a The aithareya aranyaka:  |c by  
260 |a Delhi:  |b Eastern Book Linkers,  |c 1995. 
300 |a 390p. 
650 |a Vedic Literature Aranyaka Aithareya  |9 77420 
650 |a Sankhayana Aranyaka  |9 77421 
650 |a Aranyaka Aitareya  |9 77422 
650 |a Hinduism  |9 77423 
650 |a Vedic Literature  |9 77424 
650 |a Religion  |9 77425 
942 |c BK 
999 |c 1457  |d 1457 
952 |0 0  |1 0  |4 0  |6 294_592000000000000_1_ART_A  |7 0  |9 2294  |a SSUS  |b SSUS  |d 2015-01-08  |g 315.00  |o 294.592 1 ART/A  |p 023915  |r 2017-02-02  |v 0.00  |w 2015-01-08  |y BK 
952 |0 0  |1 0  |4 0  |6 R_294_592000000000000_1_ART_A  |7 0  |9 2295  |a SSUS  |b SSUS  |d 2015-01-08  |g 350.00  |o R 294.592 1 ART/A  |p 011896  |r 2015-01-08  |v 0.00  |w 2015-01-08  |y REF 
952 |0 0  |1 0  |4 0  |6 294_592000000000000_1_ART_A  |7 0  |9 2296  |a SSUS  |b SSUS  |d 2015-01-08  |g 350.00  |o 294.592 1 ART/A  |p 008550  |r 2015-01-08  |v 0.00  |w 2015-01-08  |y BK 
952 |0 0  |1 0  |4 0  |6 294_592000000000000_1_ART_A  |7 0  |9 2297  |a SSUS  |b SSUS  |d 2015-01-08  |g 350.00  |o 294.592 1 ART/A  |p 008551  |r 2015-01-31  |v 0.00  |w 2015-01-08  |y BK 
952 |0 0  |1 0  |4 0  |6 294_592000000000000_1_ART_A  |7 0  |9 2298  |a SSUS  |b SSUS  |d 2015-01-08  |g 350.00  |o 294.592 1 ART/A  |p 019605  |r 2015-01-08  |v 0.00  |w 2015-01-08  |y BK 
952 |0 0  |1 0  |4 0  |6 294_592000000000000_1_ART_A  |7 0  |9 2299  |a SSUS  |b SSUS  |d 2015-01-08  |g 350.00  |o 294.592 1 ART/A  |p 023873  |r 2015-01-08  |v 0.00  |w 2015-01-08  |y BK 
952 |0 0  |1 0  |4 0  |6 294_592000000000000_1_ART_A  |7 0  |9 2300  |a SSUS  |b SSUS  |d 2015-01-08  |g 350.00  |o 294.592 1 ART/A  |p 008548  |r 2015-01-08  |v 0.00  |w 2015-01-08  |y BK 
952 |0 0  |1 0  |4 0  |6 294_592000000000000_1_ART_A  |7 0  |9 2301  |a SSUS  |b SSUS  |d 2015-01-08  |g 350.00  |o 294.592 1 ART/A  |p 008549  |r 2015-01-08  |v 0.00  |w 2015-01-08  |y BK